01839nam a2200217Ia 4500001002500000003000900025005001700034008004100051040002300092041001300115100002400128240005400152245003700206250001500243260003600258300001900294490003200313501012400345520111700469700003501586227.07-STA be pa (22530)IT-MiSPE20250305075702.0171229s9999||||xx |||||||||||||| ||und|| aIT-MiSPEcIT-MiSPE aITALIANO aBenoît Standaert  aL'apôtre Paul selon les trois colonnes du monde 0aPaolo e le tre colonne del mondo a1a ed. (v) aCinisello B.mobSan Paoloc2014 a207 p. c21 cm aParola di Dio: II seriev76 aEdizioni San Paolo srl - Piazza Soncino, 5 - 20092 CINISELLO BALSAMO (MI) (non commercial uses only) ® Copyright 2018 a Benoît Standaert, monaco benedettino, è conosciuto per il suo scritto su "Le tre colonne del mondo", lo studio della Parola, la preghiera e le opere di misericordia che, come affermava Simone il Giusto alla fine del III secolo a.C., reggono il mondo. In questo volume, l'Autore propone di riconsiderare in quest'ottica l'insieme degli scritti di san Paolo. È un'idea vincente: l'apostolo dei gentili dimostra di essere un autentico doctor caritatis, un uomo esercitato nell'arte della preghiera, un discepolo esemplare della lectio divina. La chiave di lettura offerta dalle pagine del benedettino belga consente un approccio originale e integrato alle lettere paoline, testi indubbiamente complessi, spesso conosciuti solo nell'inevitabile frammentarietà di una presentazione liturgica. Questo saggio, che esprime grande familiarità con la Scrittura, indica a ogni lettore piste efficaci per accedere alla Bibbia e inoltrarsi in essa, per pregare, per vivere l'amore cristiano sulle orme dell'apostolo Paolo. Una lettura unitaria degli scritti di San Paolo sotto l'ottica delle tre colonne del mondo. aGioietta Casellag(traduzione)